FBS, FCS, DII, Or DIII College Football Teams - Statistics

General Stats
  • This quiz has been taken 34 times
  • The average score is 10 of 15
Answer Stats
Question Answer % Correct
Furman FCS
100%
Alabama FBS
97%
UTSA FBS
97%
Richmond FCS
94%
Weber State FCS
88%
Sam Houston State FBS
85%
Ferris State DII
76%
Delaware FBS
74%
Valparaiso FCS
65%
Saint Norbert DIII
62%
Framingham State DIII
59%
Maine Maritime DIII
50%
Eastern Stroudsburg University of Pennsylvania DII
44%
Alfred State DIII
29%
Texas A&M-Commerce DII
24%
No matching quizzes found
Score Distribution
Percent of People with Each Score
Percentile by Number Answered
Your Score History
You have not taken this quiz